| 000 | 00767nam a22002537a 4500 | ||
|---|---|---|---|
| 003 | DO-SdBNP | ||
| 005 | 20171212114543.0 | ||
| 008 | 151119b 1982 sp xxu||||| |||| 00| 0 spa d | ||
| 020 | _a8430512829 | ||
| 040 |
_aBPMSU _bspa _cBPMSU |
||
| 092 |
_axxxxx _bxxxxx |
||
| 100 | 1 |
_aDoyle, Arthur Conan, _d1859-1930. |
|
| 245 | 1 | 0 |
_aAventuras de Sherlock Holmes / _cA. Conan Doyle ; ilustraciones Pérez Fabo. |
| 260 |
_aMadrid : _bSusaeta Ediciones, _c1982. |
||
| 300 |
_a140 p. : _bil. ; _c22 cm. |
||
| 490 | 1 |
_aSaeta _v82 |
|
| 500 | _aIncluye datos biográficos del autor. | ||
| 700 | 1 | 2 |
_aPérez Fabo. _eil. |
| 830 |
_aSaeta ; _n82 |
||
| 910 | _a00260 | ||
| 942 |
_2ddc _cBK |
||
| 945 | _aInventariado extranjero 2017 / YL | ||
| 956 |
_aLorenza Pérez _b10 |
||
| 999 |
_c8803 _d8803 |
||